Concrete in aggressive ground (Record no. 104584)
[ view plain ]
| 000 -LEADER | |
|---|---|
| fixed length control field | 01617cam a2200313 4500 |
| 001 - CONTROL NUMBER | |
| control field | L130797 |
| 008 - FIXED-LENGTH DATA ELEMENTS--GENERAL INFORMATION | |
| fixed length control field | 050831n2005 000 0 eng u |
| 020 ## - INTERNATIONAL STANDARD BOOK NUMBER | |
| International Standard Book Number | 1860817548 |
| 035 ## - SYSTEM CONTROL NUMBER | |
| System control number | (Sirsi) u130797 |
| 041 0# - LANGUAGE CODE | |
| Language code of text/sound track or separate title | eng |
| 050 04 - LIBRARY OF CONGRESS CALL NUMBER | |
| Classification number | 693.5 $2 18 |
| 110 1# - MAIN ENTRY--CORPORATE NAME | |
| Corporate name or jurisdiction name as entry element | BRE |
| Subordinate unit | construction division |
| 9 (RLIN) | 4852 |
| 245 00 - TITLE STATEMENT | |
| Title | Concrete in aggressive ground |
| 250 ## - EDITION STATEMENT | |
| Edition statement | 3rd ed. |
| 260 ## - PUBLICATION, DISTRIBUTION, ETC. | |
| Place of publication, distribution, etc. | Garston |
| Name of publisher, distributor, etc. | BRE |
| Date of publication, distribution, etc. | 2005 |
| 300 ## - PHYSICAL DESCRIPTION | |
| Extent | vi, 62p. |
| Dimensions | 30cm. |
| 350 ## - PRICE (NR) (BK AM CF MU VM SE) [OBSOLETE] | |
| Price | £60.00 |
| 490 ## - SERIES STATEMENT | |
| Series statement | BRE Special Digest |
| Volume/sequential designation | 1:2005 |
| 505 0# - FORMATTED CONTENTS NOTE | |
| Formatted contents note | Introduction |
| 505 0# - FORMATTED CONTENTS NOTE | |
| Formatted contents note | Chemical attack on concrete |
| 505 0# - FORMATTED CONTENTS NOTE | |
| Formatted contents note | Assessing the aggressive chemical environment |
| 505 0# - FORMATTED CONTENTS NOTE | |
| Formatted contents note | Specifying concrete for general cast in-situ |
| 505 0# - FORMATTED CONTENTS NOTE | |
| Formatted contents note | Specifying surface-carbonated precast concrete for general use in the ground |
| 505 0# - FORMATTED CONTENTS NOTE | |
| Formatted contents note | Design guides for specific precast concrete products |
| 520 ## - SUMMARY, ETC. | |
| Summary, etc. | Provides practical guidance on the specification of concrete for installation in natural ground and in brownfield locations. The procedures given for ground assessment and concrete specification cover the fairly common occurrence of sulfates, sulfides and acids and also the more rarely occurring aggressive carbon dioxide found in some ground and surface waters. This new edition contains: a new ranking of cements with respect to sulfate resistance; the removal of the aggregate carbonate range; a revision of sulfate class limits, and simpler requirements for additional protective measures. |
| 590 ## - LOCAL NOTE (RLIN) | |
| Local note | IKA170106 |
| 690 ## - LOCAL SUBJECT ADDED ENTRY--TOPICAL TERM (OCLC, RLIN) | |
| Topical term or geographic name as entry element | BUILT ENVIRONMENT-BUILDING MATERIALS- CEMENTITIOUS, CONCRETE AND MINERAL BOUND MATERIALS-CONCRETE |
| 942 ## - ADDED ENTRY ELEMENTS (KOHA) | |
| Suppress in OPAC | 0 |
| Withdrawn status | Lost status | Source of classification or shelving scheme | Damaged status | Not for loan | Home library | Current library | Shelving location | Date acquired | Cost, normal purchase price | Total Checkouts | Full call number | Barcode | Date last seen | Date last checked out | Copy number | Cost, replacement price | Price effective from | Koha item type |
|---|---|---|---|---|---|---|---|---|---|---|---|---|---|---|---|---|---|---|
| Dewey Decimal Classification | London | London | Folio | 06/01/2006 | 66.00 | 3 | F 693.5 BRE | 30071294 | 06/08/2019 | 10/10/2007 | 1 | 66.00 | 06/08/2019 | Book |